BIBLIOTHÈQUE DE LA MAISON DU MEXIQUE

Logo 1 Logo 2

La transición inconclusa (notice nᵒ 6911)

détails MARC
000 -Sello discográfico
campo de control de longitud fija 01054nam a2200313 4500
005 - Identificación de versión
campo de control 20251203155836.0
010 ## - Número Estándar Internacional de Libros (ISBN)
Número (ISBN) 968-12-1042-5
099 ## - fechas locales
Tipo de ítem Koha LIBRO
100 ## - Datos de procesamiento general
Datos de procesamiento general 20231106d20011997m y1spay5003 ba
101 ## - Idioma del recurso
Idioma del texto, banda sonora, etc. Español; Castellano
105 ## - Campo de datos codificados: Material textual, monográfico
Datos codificados de monografía a 001zy
200 1# - Título y mención de responsabilidad
Título propio La transición inconclusa
Designación general del material texto impreso
Otra información del título treinta años de elecciones en México, 1964-1994
Primer mención de responsabilidad Silvia Gómez Tagle
205 ## - Declaración de edición
Declaración de edición 2a ed rev y aum
210 ## - Publicación, distribución, etc.
Lugar de publicación, distribución, etc. México
Nombre del editor, distribuidor, etc. El Colegio de México, Centro de Estudios Sociológicos
Fecha de publicación, distribución, etc. 2001
215 ## - Descripción física
Designación de material específico y extensión del ítem 167 p
Otras características físicas il.
Dimensiones 21 cm
Material acompañante CD
300 ## - Notas generales
Texto de la nota Solicitar el CD a la bibliotecaria
320 ## - Nota de índices/bibliografías internas
Texto de la nota Incluye referencias bibliográficas
345 ## - Nota de información de adquisición
Fuente de adquisición/dirección de la suscripción [OBSOLETO] Donación
606 ## - Término temático usado como materia
Elemento de entrada Democracia
Subdivisión geográfica México
Número Koha 129
606 ## - Término temático usado como materia
Elemento de entrada Elecciones
Subdivisión geográfica México
Número Koha 861
606 ## - Término temático usado como materia
Elemento de entrada Partidos políticos
Subdivisión geográfica México
Número Koha 502
607 ## - Nombre geográfico utilizado como tema
Elemento de entrada México
Subdivisión temática Política y gobierno
Subdivisión cronológica Siglo XX
Número Koha 2528
660 ## - Código de área geográfica
Código MX
700 ## - Nombre personal - Responsabilidad primaria
Elemento de entrada Gómez Tagle
Parte del nombre distinta del elemento de entrada Silvia
Número Koha 2749
801 #0 - Fuente de origen
País FR
Agencia cm
Reglas de catalogación (convenciones descriptivas) AFNOR
942 ## - ELEMENTOS DE ENTRADA SECUNDARIOS (KOHA)
Tipo de ítem Koha Livre
Exemplaires
Estatus retirado Estado de daño Estado de pérdida Fecha de adquisición Biblioteca de origen Biblioteca actual Ubicación en estantería Código de barras Precio de reemplazo Signatura topográfica completa No para préstamo Tipo de ítem Koha Nota pública Nota no pública
      05/08/2025 Casa México Paris Casa México Paris   008976 05/08/2025 324.72 G322T   Livre 20231106LIV 751145101